| 000 | 00435nam a22001697a 4500 | ||
|---|---|---|---|
| 005 | 20180811114617.0 | ||
| 008 | 160513b xxu||||| |||| 00| 0 eng d | ||
| 020 | _a81-7629-660-0 | ||
| 041 | _aeng | ||
| 082 |
_b2075 _a658.3124 |
||
| 100 |
_a Bhatiya, S.K. _92961 |
||
| 245 | _aTraining and Development | ||
| 260 |
_aNew Delhi _bDeep & Deep Publication Pvt. Ltd. _c2007 |
||
| 300 | _a383p, | ||
| 650 |
_aManagement _9241 |
||
| 942 | _cBK | ||
| 999 |
_c757 _d757 |
||